00622cam a22002051 4500001001300000003000400013005001700017008004100034010001700075035001900092040004100111042001200152050001600164110002400180245011400204260002500318300002500343500001700368650003100385pa 55000252 DLC20260227111853.0751103s1955 dcua i000 0 spa c apa 55000252  a(OCoLC)1802924 aPan American Union. LibrarycFUdDLC apremarc00aTX725b.P262 aPan American Union.10aQué rico!bRecipes from Latin America.c[Prepared by Merri Holway, with illustrations by Harold A. Fonseca] aWáshingtonc[1955] a30 p.billus.c24cm. aCover title. 0aCooking, Spanish-American.